000 00726nam a2200253Ia 4500
003 OSt
005 20220918205419.0
006 a|||||r|||| 00| 0
007 ta
008 220917b |||||||| |||| 00| 0 eng d
024 _a116,488
037 _cTextual
040 _aARTS
_cARTS
_beng
041 _2eng
_aeng
082 _aV5931.N4, M1
100 _aSeton Watson H
_9115055
245 0 _aMaking of a new Europe
_b R W Seton Watson and the last years of Austria Hungry
260 _aLondon
_bMethuen
_c1981
300 _ax, 458p.
_ccm.
650 _aHISTORY
700 _a Seton Watson C
_9115056
942 _hV5931.N4, M1
_cTEXL
_2CC
999 _c239815
_d239815